| 000 | 00764nam a2200241 a 4500 | ||
|---|---|---|---|
| 001 | 000017147 | ||
| 003 | DO-SdBNP | ||
| 005 | 20250131205118.0 | ||
| 008 | 100319s1950 dr r 000 0 spa d | ||
| 040 |
_aDO-SdBNP _bspa _cBNPHU |
||
| 082 | 4 |
_a616.994 _bP625a _222 |
|
| 100 | 1 |
_aPieter-Bennett, Heriberto _937766 |
|
| 245 | 1 | 0 |
_aApuntes de cancerología : _bpara el prontuario del médico práctico / _cHeriberto Pieter. |
| 260 |
_aCiudad de Trujillo : _bUniversidad de Santo Domingo, _c1950. |
||
| 300 |
_a65 p. ; _c24 cm. |
||
| 490 |
_aXI _v2 |
||
| 590 | _aInventariado, 2019/BT | ||
| 650 | 4 |
_aOncología _936586 |
|
| 710 | 2 |
_aUniversidad de Santo Domingo _937767 |
|
| 830 | 0 |
_aXI _v2 _937768 |
|
| 910 | _aValidado. Control de calidad MFF | ||
| 942 |
_2ddc _cLBS1 |
||
| 999 |
_c16673 _d16673 |
||